L'acomiadament col·lectiu en les administraciones i els ens públics : marc general, causes i procediment marc general, causes i procediment
ISBN:
9788498036596
Descripción Física:
109 p. ; 24 cm
Colección:
Estudis de relacions laborals ; 8
MARC
| LEADER | 00000nam a2200000Ia 4500 | ||
|---|---|---|---|
| 001 | 23874 | ||
| 008 | 160829s2013 xx 000 0 cat d | ||
| 020 | |a 9788498036596 | ||
| 080 | |a Bib-95 | ||
| 100 | |a Palomar Olmeda, Alberto |9 45333 | ||
| 245 | |a L'acomiadament col·lectiu en les administraciones i els ens públics : |b marc general, causes i procediment | ||
| 260 | |a Barcelona : |b Diputació de Barcelona, |c 2013 | ||
| 300 | |a 109 p. ; |c 24 cm | ||
| 490 | |a Estudis de relacions laborals ; 8 | ||
| 590 | |a Conté referències bibliogràfiques. | ||
| 590 | |a Text en català. Hi ha un altre exemplar en castellà amb el R. 23875 | ||
| 650 | |a Personal |x Acomiadament |x Dret i legislació |x Espanya |9 49651 | ||
| 650 | 0 | |a Personal |x Administració |x Espanya |9 49652 | |
| 710 | 1 | |a Barcelona (Catalunya : Província). |b Diputació |9 52408 | |
| 901 | |a Arxiu | ||
| 942 | |n 1 | ||
| 952 | |0 0 |1 0 |4 0 |6 BIB95 |7 1 |9 55749 |a Arxiu |b Arxiu |d 2016-12-01 |l 0 |o Bib-95 |p 23874 |r 2016-12-01 00:00:00 |w 2016-12-01 |y ARXIU | ||
| 999 | |c 59622 |d 59622 | ||